Normal view
MARC view
- Ribar, L. John
Entry Personal Name
001 - CONTROL NUMBER
- control field: 97909
003 - CONTROL NUMBER IDENTIFIER
- control field: NUST
005 - DATE AND TIME OF LATEST TRANSACTION
- control field: 20220818093432.0
008 - FIXED-LENGTH DATA ELEMENTS
- fixed length control field: 220818|| aca||aabn | a|a d
040 ## - CATALOGING SOURCE
- Original cataloging agency: NUST
- Transcribing agency: NUST
100 ## - HEADING--PERSONAL NAME
- Personal name: Ribar, L. John
670 ## - SOURCE DATA FOUND
- Source citation: Work cat.: (NUST)175193: Ribar, L. John., TopSpeed C made easy / , c1990.
